00309 a2200097 4500001001000000005001700010008004100027245006400068100002400132773005500156ART_1784820260410161701.0260409a 10aAutonomia monetria, heteronimía monetaria y dinero pasivo1 aOlivera, Julio H.G.0 tEnsayos Económicosg- Nº 13 (mar. 1980)wREV620